Engineering Mechanics : (Record no. 12885)
[ view plain ]
| 000 -LEADER | |
|---|---|
| fixed length control field | 01682cam a22004695a 4500 |
| 001 - CONTROL NUMBER | |
| control field | 14095379 |
| 003 - CONTROL NUMBER IDENTIFIER | |
| control field | EG-ScBUE |
| 005 - DATE AND TIME OF LATEST TRANSACTION | |
| control field | 20210608114516.0 |
| 006 - FIXED-LENGTH DATA ELEMENTS--ADDITIONAL MATERIAL CHARACTERISTICS--GENERAL INFORMATION | |
| fixed length control field | a||||fr|||| 00| 0 |
| 008 - FIXED-LENGTH DATA ELEMENTS--GENERAL INFORMATION | |
| fixed length control field | 050901s2010 si a f 001 0 eng d |
| 020 ## - INTERNATIONAL STANDARD BOOK NUMBER | |
| International Standard Book Number | 9810681348 |
| 020 ## - INTERNATIONAL STANDARD BOOK NUMBER | |
| International Standard Book Number | 9789810681340 |
| 020 ## - INTERNATIONAL STANDARD BOOK NUMBER | |
| International Standard Book Number | 9789810683955(student access kit) |
| 035 ## - SYSTEM CONTROL NUMBER | |
| System control number | (CStRLIN)PASGA2867290-B |
| 035 ## - SYSTEM CONTROL NUMBER | |
| System control number | (PSt) (Sirsi) a2867290 |
| 040 ## - CATALOGING SOURCE | |
| Original cataloging agency | SISPL |
| Language of cataloging | eng |
| Description conventions | rda |
| Transcribing agency | SISPL |
| Modifying agency | PSt |
| -- | DLC |
| -- | EG-ScBUE |
| 082 04 - DEWEY DECIMAL CLASSIFICATION NUMBER | |
| Classification number | 620.103 |
| Item number | HIB |
| Edition number | 22 |
| 100 1# - MAIN ENTRY--PERSONAL NAME | |
| Personal name | Hibbeler, R. C., |
| Relator term | author. |
| 9 (RLIN) | 9263 |
| 245 10 - TITLE STATEMENT | |
| Title | Engineering Mechanics : |
| Remainder of title | Statics / |
| Statement of responsibility, etc | R.C. Hibbeler ; SI conversion by S. C. Fan, Nanyang Technological University. |
| 250 ## - EDITION STATEMENT | |
| Edition statement | Twelfth edition. |
| 264 #1 - PUBLICATION, DISTRIBUTION, ETC. (IMPRINT) | |
| Place of publication, distribution, etc | Jurong, Singapore : |
| Name of publisher, distributor, etc | Pearson Education, Prentice Hall, |
| Date of publication, distribution, etc | 2010. |
| 300 6# - PHYSICAL DESCRIPTION | |
| Extent | xxii; 655 pages : |
| Other physical details | color illustrations ; |
| Dimensions | 24 cm. + |
| Accompanying material | 1 CD |
| 336 ## - CONTENT TYPE | |
| Source | rdacontent |
| Content type term | text |
| Content type code | txt |
| 336 ## - CONTENT TYPE | |
| Content type term | sounds |
| Content type code | snd |
| Source | rdacontent |
| 337 ## - MEDIA TYPE | |
| Source | rdamedia |
| Media type term | unmediated |
| Media type code | n |
| 337 ## - MEDIA TYPE | |
| Source | rdamedia |
| Media type term | audio |
| Media type code | s |
| 338 ## - CARRIER TYPE | |
| Source | rdacarrier |
| Carrier type term | volume |
| Carrier type code | nc |
| 338 ## - CARRIER TYPE | |
| Source | rdacarrier |
| Carrier type term | computer disc |
| Carrier type code | cd |
| 500 ## - GENERAL NOTE | |
| General note | Includes index. |
| 590 ## - LOCAL NOTE (RLIN) | |
| Local note | doaa mohamed |
| 650 #7 - SUBJECT ADDED ENTRY--TOPICAL TERM | |
| Topical term or geographic name as entry element | Mechanics, Applied. |
| Source of heading or term | BUEsh |
| 9 (RLIN) | 9264 |
| 650 #7 - SUBJECT ADDED ENTRY--TOPICAL TERM | |
| Topical term or geographic name as entry element | Statics. |
| Source of heading or term | BUEsh |
| 9 (RLIN) | 9265 |
| 650 #7 - SUBJECT ADDED ENTRY--TOPICAL TERM | |
| Topical term or geographic name as entry element | Dynamics. |
| Source of heading or term | BUEsh |
| 9 (RLIN) | 9266 |
| 651 ## - SUBJECT ADDED ENTRY--GEOGRAPHIC NAME | |
| Source of heading or term | BUEsh |
| 653 ## - INDEX TERM--UNCONTROLLED | |
| Resource For college | Engineering, General |
| Arrived date list | October2011 |
| 655 ## - INDEX TERM--GENRE/FORM | |
| Form subdivision | Reading book |
| 9 (RLIN) | 34232 |
| 700 1# - ADDED ENTRY--PERSONAL NAME | |
| Personal name | Fan, S. C., |
| Relator term | author. |
| 856 ## - ELECTRONIC LOCATION AND ACCESS | |
| Materials specified | Online materials |
| Uniform Resource Identifier | <a href="http://www.masterengineering.com">http://www.masterengineering.com</a> |
| Public note | For obtaining access codes, please call the library on Ext. 1372 |
| 942 ## - ADDED ENTRY ELEMENTS (KOHA) | |
| Source of classification or shelving scheme | Dewey Decimal Classification |
| Koha item type | Book - Borrowing |
| Withdrawn status | Lost status | Source of classification or shelving scheme | Damaged status | Not for loan | Collection code | Home library | Current library | Shelving location | Date acquired | Source of acquisition | Cost, normal purchase price | Total Checkouts | Full call number | Barcode | Date last seen | Cost, replacement price | Price effective from | Koha item type | Total Renewals | Date checked out |
|---|---|---|---|---|---|---|---|---|---|---|---|---|---|---|---|---|---|---|---|---|
| Dewey Decimal Classification | Baccah | Central Library | Central Library | First floor | 09/11/2009 | 250.00 | 620.103 HIB | 000018970 | 15/07/2025 | 337.50 | 09/11/2009 | NB - Book (Non borrowing) | ||||||||
| Dewey Decimal Classification | Baccah | Central Library | Central Library | First floor | 09/11/2009 | 250.00 | 620.103 HIB | 000018968 | 24/08/2022 | 337.50 | 09/11/2009 | CD | DVD - With book (NB) | ||||||||
| Dewey Decimal Classification | Baccah | Central Library | Central Library | First floor | 09/11/2009 | 250.00 | 8 | 620.103 HIB | 000018969 | 15/07/2025 | 337.50 | 09/11/2009 | Book - Borrowing | 13 | 21/03/2017 | |||||
| Dewey Decimal Classification | Baccah | Central Library | Central Library | First floor | 09/11/2009 | 250.00 | 620.103 HIB | 000018971 | 24/08/2022 | 337.50 | 09/11/2009 | CD | DVD - With book | ||||||||
| Dewey Decimal Classification | Baccah | Central Library | Central Library | First floor | 21/03/2011 | 250.00 | 6 | 620.103 HIB | 000023057 | 15/07/2025 | 337.50 | 21/03/2011 | Book - Borrowing | 9 | 05/10/2019 | |||||
| Dewey Decimal Classification | Baccah | Central Library | Central Library | First floor | 21/03/2011 | 250.00 | 620.103 HIB | 000023058 | 24/08/2022 | 337.50 | 21/03/2011 | CD | DVD - With book | ||||||||
| Dewey Decimal Classification | Baccah | Central Library | Central Library | First floor | 21/03/2011 | 250.00 | 6 | 620.103 HIB | 000023059 | 15/07/2025 | 337.50 | 21/03/2011 | Book - Borrowing | 112 | 01/11/2018 | |||||
| Dewey Decimal Classification | Baccah | Central Library | Central Library | First floor | 21/03/2011 | 250.00 | 620.103 HIB | 000023060 | 24/08/2022 | 337.50 | 21/03/2011 | CD | DVD - With book | ||||||||
| Dewey Decimal Classification | Baccah | Central Library | Central Library | First floor | 21/03/2011 | 250.00 | 6 | 620.103 HIB | 000023061 | 15/07/2025 | 337.50 | 21/03/2011 | Book - Borrowing | 37 | 05/10/2019 | |||||
| Dewey Decimal Classification | Baccah | Central Library | Central Library | First floor | 21/03/2011 | 250.00 | 620.103 HIB | 000023062 | 24/08/2022 | 337.50 | 21/03/2011 | CD | DVD - With book | ||||||||
| Dewey Decimal Classification | Baccah | Central Library | Central Library | First floor | 22/03/2011 | 250.00 | 6 | 620.103 HIB | 000023076 | 15/07/2025 | 337.50 | 22/03/2011 | Book - Borrowing | 1 | 15/03/2017 | |||||
| Dewey Decimal Classification | Baccah | Central Library | Central Library | First floor | 22/03/2011 | 250.00 | 620.103 HIB | 000023077 | 24/08/2022 | 337.50 | 22/03/2011 | CD | DVD - With book | ||||||||
| Dewey Decimal Classification | Baccah | Central Library | Central Library | First floor | 11/10/2011 | 250.00 | 5 | 620.103 HIB | 000025283 | 15/07/2025 | 337.50 | Book - Borrowing | 13 | 05/10/2019 | ||||||
| Dewey Decimal Classification | Baccah | Central Library | Central Library | First floor | 11/10/2011 | 250.00 | 1 | 620.103 HIB | 000025282 | 24/08/2022 | 337.50 | 11/10/2011 | CD | DVD - With book | 1 | 01/10/2012 | |||||
| Dewey Decimal Classification | Baccah | Central Library | Central Library | First floor | 08/06/2021 | Purchase | 620.103 HIB | 000050312 | 15/07/2025 | 08/06/2021 | Book - Borrowing |